00253nam a22001097a 4500008004100000020001500041041000800056080001500064100000600079101000800085245005000093180926b xxu||||| |||| 00| 0 eng d a0071054170 aeng a61727 ED a5 aKIR aAtlas Of Surgical Opeartions cZollinger.z